| 000 -LEADER |
| fixed length control field |
00419cam a22001337a 4500 |
| 008 - FIXED-LENGTH DATA ELEMENTS--GENERAL INFORMATION |
| fixed length control field |
180718b2006 xxu||||| |||| 00| 0 eng d |
| 020 ## - INTERNATIONAL STANDARD BOOK NUMBER |
| International Standard Book Number |
8188086452 |
| 082 ## - DEWEY DECIMAL CLASSIFICATION NUMBER |
| Classification number |
A99/N315 Z655 |
| 245 ## - TITLE STATEMENT |
| Title |
Socio-economic ideas of Jawaharlal Nehru |
| Statement of responsibility, etc. |
edited by Taufiq A. Nizami |
| 260 ## - PUBLICATION, DISTRIBUTION, ETC. |
| Place of publication, distribution, etc. |
New Delhi |
| Name of publisher, distributor, etc. |
Icon Pub. |
| Date of publication, distribution, etc. |
2006 |
| 300 ## - PHYSICAL DESCRIPTION |
| Extent |
256p. |
| 650 ## - SUBJECT ADDED ENTRY--TOPICAL TERM |
| Topical term or geographic name entry element |
Nehru, Jawahar Lal - Views on socio-economic aspects |
| 700 ## - ADDED ENTRY--PERSONAL NAME |
| Personal name |
Nizami, Taufiq A. |